Nazionali con più gol segnati agli Europei - Statistics

Statistiche generali
  • Questo quiz è stato fatto 20 volte
    16 dall'ultimo reset
  • Il punteggio medio è 8 su 8
Statistiche sulle risposte
Gol segnati Nazionale % Corretto
73 Francia
100%
89 Germania / Germania Ovest
100%
55 Italia
100%
75 Paesi Bassi
100%
61 Portogallo
100%
83 Spagna
100%
59 Inghilterra
93%
51 Repubblica Ceca / Cecoslovacchia
87%
Nessun quiz corrispondente trovato
Distribuzione punteggi
Percentuale di utenti per punteggio
Percentile per numero di risposta
I tuoi punteggi nel tempo
Non hai fatto questo quiz dall'ultimo reset